LEADER 01736nam0 22003733i 450 001 LO10457786 005 20231121125520.0 020 $aIT$b1914 10983 100 $a20040505d1914 ||||0itac50 ba 101 | $aita$alat$cita 102 $ait 181 1$6z01$ai $bxxxe 182 1$6z01$an 200 1 $aStoria e critica di testi latini$eCicerone, Donato, Tacito, Celso, Plauto, Plinio, Quintiliano, Livio e Sallustio, commedia ignota$fRemigio Sabbadini 210 $aCatania$cFrancesco Battiato$d1914 215 $aX, 458 p.$d21 cm. 225 | $aBiblioteca di filologia classica$v10 410 0$1001PAL0059854$12001 $aBiblioteca di filologia classica$v10 500 10$aStoria e critica di testi latini$3TSA1778882$9RAVV022991$9154592 606 $aLetteratura latina$xTesti$xCommenti$2FIR$3RMLC248724$9N 676 $a870.9$9Letteratura latina. Storia, descrizione, studio critico.$v22 700 1$aSabbadini$b, Remigio$3RAVV022991$4070$07261 790 1$aSabbadini$b, R.$f <1850-1934>$3RT1V038183$zSabbadini, Remigio 801 3$aIT$bIT-01$c20040505 850 $aIT-RM0290 $aIT-RM0459 $aIT-FR0084 $aIT-FR0017 899 $aBIBLIOTECA ANGELICA$bRM0290 899 $aARCHIVIO DI STATO DI ROMA$bRM0459 899 $aBiblioteca Del Monumento Nazionale Di Montecassino$bFR0084 899 $aBiblioteca umanistica Giorgio Aprea$bFR0017 $eN 912 $aLO10457786 950 0$aBiblioteca umanistica Giorgio Aprea$d 52DLM CC /9 /$e 52DUP0009019225 VMC RS $fC $h20190116$i20190116 977 $a 06$a 12$a 25$a 52 996 $aStoria e critica di testi latini$9154592 997 $aUNICAS